<?xml version="1.0" encoding="UTF-8"?>
<record
    xmlns:xsi="http://www.w3.org/2001/XMLSchema-instance"
    xsi:schemaLocation="http://www.loc.gov/MARC21/slim http://www.loc.gov/standards/marcxml/schema/MARC21slim.xsd"
    xmlns="http://www.loc.gov/MARC21/slim">

  <leader>03020nas a2200277Ia 4500</leader>
  <controlfield tag="001">R052-S4604</controlfield>
  <controlfield tag="003">IT-CnALBA</controlfield>
  <controlfield tag="008">170116c99999999xx ||||||||||||   ||und||</controlfield>
  <datafield tag="040" ind1=" " ind2=" ">
    <subfield code="a">IT-CnALBA</subfield>
    <subfield code="c">IT-CnALBA</subfield>
  </datafield>
  <datafield tag="041" ind1=" " ind2=" ">
    <subfield code="a">ITALIANO </subfield>
  </datafield>
  <datafield tag="100" ind1=" " ind2=" ">
    <subfield code="a">AA.VV.</subfield>
  </datafield>
  <datafield tag="210" ind1=" " ind2=" ">
    <subfield code="a">FAMIGLIA OGGI</subfield>
  </datafield>
  <datafield tag="222" ind1=" " ind2=" ">
    <subfield code="a">FAMIGLIA OGGI</subfield>
  </datafield>
  <datafield tag="245" ind1=" " ind2="0">
    <subfield code="a">FAMIGLIA OGGI Marzo 2001 n. 3</subfield>
  </datafield>
  <datafield tag="250" ind1=" " ind2=" ">
    <subfield code="a">1a ed.</subfield>
  </datafield>
  <datafield tag="260" ind1=" " ind2=" ">
    <subfield code="a">MILANO</subfield>
    <subfield code="b">PERIODICI SAN PAOLO ED. </subfield>
    <subfield code="c">2001 [1&#xB0; Ed.:2001 - Ed.Ling.Originale: 2001]</subfield>
  </datafield>
  <datafield tag="300" ind1=" " ind2=" ">
    <subfield code="a">124 p. </subfield>
  </datafield>
  <datafield tag="310" ind1=" " ind2=" ">
    <subfield code="a">MENSILE</subfield>
  </datafield>
  <datafield tag="362" ind1=" " ind2=" ">
    <subfield code="a">Fascicolo: 3 / Anno: 24 (2001)</subfield>
  </datafield>
  <datafield tag="500" ind1=" " ind2=" ">
    <subfield code="a">Famiglia e servizi sociali. La legge quadro che regola gli interventi # DOSSIER: Minori in difficolt&#xE0;: L'esperienza del CAM? di Milano. Editoriale # Valorizzare le responsabilit&#xE0; familiari # Servizi # Francesco Belletti: Risorse e sfide di oggi # Margherita Gallina: Non solo persone bisognose # Annie Bruno e Franca Dente: Preparare figure altamente qualificate # Carlo Mario Mozzanica: La legge sui servizi sociali # Riccardo Prandini: Una riforma arrivata tardi # Matteo Fiore: Compiti dell'ente locale # Dossier # Francesca Mazzucchelli: Esperienze di affidi specialistici # Rubriche # Incontri -Rosangela Vegetti # Qualcosa di pi&#xF9; che uno sportello # SOCIET&#xC0; &amp; Famiglia - Beppe Del Colle # Una SOCIET&#xC0; terapeutica? # Mass Media &amp; Famiglia -Lodovica Cima # Il cibo della mente # Materiali &amp; APPUNTI  # Il testo integrale della Legge 328/2000 # Consulenza Genitoriale -Gianni Cambiaso # Una madre intelligente # Politiche Familiari -Pietro Boffi (a cura di) # Carta dei principi per il sostegno a distanza # La famiglia nel mondo - Orsola Vetri # No alL'adozione via Internet? # Libri &amp; Riviste # S 4604 # R 052.</subfield>
  </datafield>
  <datafield tag="501" ind1=" " ind2=" ">
    <subfield code="a">Societ&#xE0; San Paolo EM - Piazza San Paolo, 14 - 12051 ALBA (CN)  (non commercial uses only) &#xAE; Copyright 2017</subfield>
  </datafield>
  <datafield tag="520" ind1=" " ind2=" ">
    <subfield code="a">Famiglia e servizi sociali. La legge quadro che regola gli interventi # DOSSIER: Minori in difficolt&#xE0;: L'esperienza del CAM? di Milano. Editoriale # Valorizzare le responsabilit&#xE0; familiari # Servizi # Francesco Belletti: Risorse e sfide di oggi # Margherita Gallina: Non solo persone bisognose # Annie Bruno e Franca Dente: Preparare figure altamente qualificate # Carlo Mario Mozzanica: La legge sui servizi sociali # Riccardo Prandini: Una riforma arrivata tardi # Matteo Fiore: Compiti dell'ente locale # Dossier # Francesca Mazzucchelli: Esperienze di affidi specialistici # Rubriche # Incontri -Rosangela Vegetti # Qualcosa di pi&#xF9; che uno sportello # SOCIET&#xC0; &amp; Famiglia - Beppe Del Colle # Una SOCIET&#xC0; terapeutica? # Mass Media &amp; Famiglia -Lodovica Cima # Il cibo della mente # Materiali &amp; APPUNTI  # Il testo integrale della Legge 328/2000 # Consulenza Genitoriale -Gianni Cambiaso # Una madre intelligente # Politiche Familiari -Pietro Boffi (a cura di) # Carta dei principi per il sostegno a distanza # La famiglia nel mondo - Orsola Vetri # No alL'adozione via Internet? # Libri &amp; Riviste # S 4604 # R 052.</subfield>
  </datafield>
  <datafield tag="650" ind1=" " ind2=" ">
    <subfield code="a">FAMIGLIA</subfield>
  </datafield>
  <datafield tag="942" ind1=" " ind2=" ">
    <subfield code="c">CR</subfield>
  </datafield>
  <datafield tag="957" ind1=" " ind2=" ">
    <subfield code="7">1</subfield>
  </datafield>
  <datafield tag="999" ind1=" " ind2=" ">
    <subfield code="a">66494</subfield>
    <subfield code="b">NO</subfield>
    <subfield code="g">1</subfield>
    <subfield code="c">332857</subfield>
    <subfield code="d">332857</subfield>
  </datafield>
  <datafield tag="952" ind1=" " ind2=" ">
    <subfield code="0">0</subfield>
    <subfield code="1">0</subfield>
    <subfield code="4">0</subfield>
    <subfield code="6">R_052S4604</subfield>
    <subfield code="7">1</subfield>
    <subfield code="a">ALBA</subfield>
    <subfield code="b">ALBA</subfield>
    <subfield code="d">2017-01-16</subfield>
    <subfield code="l">0</subfield>
    <subfield code="o">R052-S4604</subfield>
    <subfield code="r">2017-01-16 00:00:00</subfield>
    <subfield code="w">2017-01-16</subfield>
    <subfield code="y">CR</subfield>
    <subfield code="z">(data import: 16 gennaio 2017) - By Epidotti, Vaglietti. </subfield>
  </datafield>
</record>
